| 000 | 00571 a2200193 4500 | ||
|---|---|---|---|
| 001 | 066992 | ||
| 003 | OSt | ||
| 005 | 20211025121829.0 | ||
| 008 | |||
| 020 | _a9780140157512 | ||
| 082 |
_a863 _bM34O |
||
| 100 | 1 | _aMarquez, Gabriel Garcia, | |
| 245 | 1 |
_aOne hundred years of solitude _cby Gabriel Garcia Marquez |
|
| 260 |
_aDelhi _bPenguin Book _c1996 |
||
| 300 | _a422p. | ||
| 630 | _aEnglish | ||
| 690 | _aMacondo (Imaginary place); Latin America; Social conditions; Epic literature; Magic realism (Literature) | ||
| 942 |
_2ddc _cBK |
||
| 999 |
_c982 _d982 |
||